| 000 | 01174cam a2200289 i 4500 | ||
|---|---|---|---|
| 003 | SA-RiAUC | ||
| 005 | 20250126062049.0 | ||
| 008 | 250126s1989 ua g 00000dara c | ||
| 040 |
_aSA-RiAUC _bara _cSA-RiAUC _erda |
||
| 043 | _aa-su--- | ||
| 082 | 0 | 4 | _a953.021 |
| 090 |
_a953.021 _bن د و |
||
| 100 | 1 |
_aالندوي، محمد لقمان الأعظمي، _d1358 هجري- _eمؤلف. |
|
| 245 | 1 | 0 |
_aمجتمع المدينة المنورة في عهد الرسول / _cمحمد لقمان الأعظمي الندوي. |
| 264 | 1 |
_aالقاهرة : _bدار الاعتصام، _c1989 |
|
| 300 |
_a510 صفحة ؛ _c24 سم |
||
| 336 |
_aنص _btxt _2rdacontent _3كتاب |
||
| 337 |
_aبدون وسيط _bn _2rdamedia |
||
| 338 |
_aمجلد _bnc _2rdacarrier |
||
| 500 | _aفي الأصل أطروحة دكتوراه-جامعة القاهرة. | ||
| 650 | 7 |
_aالإسلام _xتاريخ _yعصر صدر الإسلام _2aucsh |
|
| 650 | 7 |
_aالسيرة النبوية _2aucsh |
|
| 650 | 7 |
_aالمجتمعات الإسلامية _2aucsh |
|
| 650 | 7 |
_aالقرآن والمجتمعات _2aucsh |
|
| 942 |
_2ddc _cBOOK _n0 |
||
| 949 |
_aSA-JeALM _d250126 _umohamedma123 _n1 |
||
| 999 |
_c5230 _d5230 |
||